A román tudomány tegnap és ma
Elmentve itt :
| Szerző: | |
|---|---|
| Adatforrás: | Meister |
| Forrásdokumentuma: | A Hét. - 5 sz., 1995, 13 p. |
| Nyelv: | magyar |
| Kulcsszavak: | tudományszociológia tudomány tudomány (román) román tudomány Románia |
| LEADER | 00445nab a2200169 i 4500 | ||
|---|---|---|---|
| 001 | bibPRO00005831 | ||
| 008 | 060524s1995 xx hun | ||
| 040 | |a Sz1 | ||
| 041 | |a hun | ||
| 100 | 1 | |a ÁGOSTON Hugó | |
| 245 | 1 | 2 | |a A román tudomány tegnap és ma |c ÁGOSTON Hugó |
| 695 | |a tudományszociológia | ||
| 695 | |a tudomány | ||
| 695 | |a tudomány (román) | ||
| 695 | |a román tudomány | ||
| 695 | |a Románia | ||
| 773 | 0 | |t A Hét. - |g 5 sz., 1995, 13 p. | |